<?xml version="1.0" encoding="UTF-8"?>
<marc:record xmlns:marc="http://www.loc.gov/MARC21/slim">
   <marc:leader>00000nam a2200000 a 4500</marc:leader>
   <marc:datafield ind1="1" ind2=" " tag="100">
      <marc:subfield code="a">Sander, Nicholas</marc:subfield>
      <marc:subfield code="4">aut</marc:subfield>
      <marc:subfield code="e">Verfasser/-in</marc:subfield>
   </marc:datafield>
   <marc:datafield ind1="1" ind2=" " tag="100">
      <marc:subfield code="a">Morone, Giovanni</marc:subfield>
   </marc:datafield>
   <marc:datafield ind1="1" ind2=" " tag="100">
      <marc:subfield code="a">Pius &lt;Papa, V.&gt;</marc:subfield>
   </marc:datafield>
   <marc:datafield ind1=" " ind2=" " tag="653">
      <marc:subfield code="a">s||Infallibilität</marc:subfield>
   </marc:datafield>
   <marc:datafield ind1="0" ind2="0" tag="245">
      <marc:subfield code="a">De Visibili Monarchia Ecclesiae, Libri VIII.</marc:subfield>
   </marc:datafield>
   <marc:datafield ind1="0" ind2="0" tag="245">
      <marc:subfield code="b">In quibus diligens instituitur disputatio de certa &amp; perpetua Ecclesiae Dei tum succeßione, tum gubernatione Monarchica, ab ipso mundi initio usque ad finem. Deinde etiam civitatis diaboli persaepè interrupta progressio proponitur, sectaeque omnes &amp; haere</marc:subfield>
   </marc:datafield>
   <marc:datafield ind1="0" ind2="0" tag="245">
      <marc:subfield code="c">Auctore Nicolao Sandero, sacrae Theologiae Professore</marc:subfield>
   </marc:datafield>
   <marc:datafield ind1=" " ind2="1" tag="264">
      <marc:subfield code="a">Antverpiae</marc:subfield>
      <marc:subfield code="b">Foulerus</marc:subfield>
      <marc:subfield code="c">1578</marc:subfield>
   </marc:datafield>
   <marc:datafield ind1="1" ind2=" " tag="520">
      <marc:subfield code="a">Erscheinungsvermerk lt. Vorlage: Antverpiæ, || Apud Ioannem Foulerum. || M.D.LXXVIII. Vermerk: Collegii Societatis Jesu Halae 1607. Ex dono Nob. Dni. Georgii Sigfridi Zott. Druckermarke am Titelbl. http://zentralbibliothek.kapuziner.at/kupferstiche/provinzbibliothek/provinzbibliothek_3660.jpg, ill. Initialen im Text, gelber Schweinsledereinband auf Buchdeckeln aus Holz, Leder der Buchdeckel mit Linien, Bordüren mit Wappen, Ritter mit Schwert, Initialen "EA" und Datierung "1512", "1452", Bordüre mit Ganzfiguren verbunden mit fleuralen Elementen, fleuralen Strängen (Büten) und figurativer Bordüre mit Beischrift (Auferstehung Christi, Kreuzigung im IN RI und Eherne Schlange) verziert, untere Buchecken mit braunem Leder bezogen, Buchrücken mit 4 Bünden, Titelschild "SANDER || de MONARCHIA || ECCLESIAST." und Signaturschild "67 (2)", Buchrücken am Fuß mit Graufärbung, zwei Knopfschließen aus Metall, grüne Schnittkante.</marc:subfield>
   </marc:datafield>
   <marc:datafield ind1=" " ind2=" " tag="300">
      <marc:subfield code="a">[6] Bl., 808 S., [6] Bl.; 34,5 cm</marc:subfield>
   </marc:datafield>
</marc:record>
